C ++ How To Program (Record no. 5972)

MARC details
000 -LEADER
fixed length control field 00259nam a2200121Ia 4500
008 - FIXED-LENGTH DATA ELEMENTS--GENERAL INFORMATION
fixed length control field 221030s9999 xx 000 0 und d
041 ## - LANGUAGE CODE
Language code of text/sound track or separate title
082 ## - DEWEY DECIMAL CLASSIFICATION NUMBER
Classification number 105.23
Item number MCA
245 #0 - TITLE STATEMENT
Title C ++ How To Program
Sub Title CD
260 ## - PUBLICATION, DISTRIBUTION, ETC. (IMPRINT)
Year of publication 2006
650 ## - SUBJECT ADDED ENTRY--TOPICAL TERM
Topical Term Book
942 ## - ADDED ENTRY ELEMENTS (KOHA)
Koha item type Cd
Holdings
Accession Number Full call number Price effective from Koha item type Withdrawn / writtenoff status Materials specified (bound volume or other part) Damaged status Not for loan Permanent Location Current Location Shelving location Date acquired Lost/ Missing status department
CD MCA 1499 105.23 MCA 10/30/2022 Cd   Soft Copy     MIET Library, Jammu MIET Library, Jammu BL-Academic Block B, FL-1, CUP-109, SH-2, R-2 12/12/2008   MCA
CD MCA 1498 105.23 MCA 10/30/2022 Cd   Soft Copy     MIET Library, Jammu MIET Library, Jammu BL-Academic Block B, FL-1, CUP-109, SH-2, R-2 12/08/2008   MCA